000 00989nam a2200301 i 4500
001 000047139
003 DO-SdBNP
005 20240117092511.0
007 ta
008 150216s2016 dr a 000 j spa d
020 _a9789945175837
040 _aDO-SdBNP
_bspa
_cBPMSU
_erda
082 4 _aRD863.5
_bS237d 2016
_222
100 1 _aSantos, Dulce Elvira de los,
_eautora
245 1 3 _aEl día más claro llueve /
_cDulce Elvira de los Santos ; ilustraciones, Adelina Rosa Dore.
264 1 _aSanto Domingo :
_bS.M.,
_c2016.
300 _a29 páginas :
_bilustraciones ;
_c20 cm.
336 _2rdacontent
_atexto
_btxt
337 _2rdamedia
_asin mediación
_bn
338 _2rdacarrier
_avolumen
_bnc
490 0 _aEl barco de vapor;
_aLos felices,
_v4
590 _aInventariado, 2024/VM
650 4 _aCuentos infantiles dominicanos
650 4 _aLiteratura dominicana.
700 1 _aDore, Adelina Rosa,
_eilustraciones
910 _aVMateo V. Control de calidad. BPMSU
942 _2ddc
_cBK
999 _c14530
_d14530